[Event "COL-ch U2000"]
[Site "Pereira"]
[Date "2022.02.20"]
[Round "9"]
[White "Forero, Edwin Johann"]
[Black "Sanchez Bustos, Miguel Angel"]
[Result "1-0"]
[WhiteElo "1923"]
[BlackElo "1682"]
[PlyCount "89"]
[EventDate "2022.02.16"]
[EventType "swiss"]
[EventRounds "9"]
[EventCountry "COL"]
[SourceTitle "CBM 207 Extra"]
[Source "ChessBase"]
[SourceDate "2022.05.31"]
[SourceVersion "1"]
[SourceVersionDate "2022.05.31"]
[SourceQuality "1"]

1. e4 c6 2. d4 d5 3. f3 dxe4 4. fxe4 e5 5. Nf3 exd4 6. Bc4 Be7 7. 0-0 Nf6 8. Ne5 Be6 9. Bxe6 fxe6 10. Bg5 0-0 11. Qd3 Qa5 12. Nf3 Nbd7 13. Nbd2 Ne5 14. Nxe5 Qxe5 15. Nf3 Qb5 16. Qxb5 cxb5 17. e5 Nd5 18. Bxe7 Nxe7 19. Nxd4 Nc6 20. Nxb5 Nxe5 21. Nc7 Rac8 22. Nxe6 Rfe8 23. Nd4 Nc4 24. b3 Re4 25. Nf5 Nd2 26. Nd6 Nxf1 27. Nxe4 Ne3 28. c4 Re8 29. Nd6 Nc2 30. Nxe8 Nxa1 31. Nd6 Kf8 32. Nxb7 Ke7 33. Kf2 Nc2 34. Nc5 Kd6 35. Nd3 a5 36. Kf3 Nd4+ 37. Ke4 Ne2 38. a3 Nc3+ 39. Kd4 Nb1 40. c5+ Kc6 41. Ne5+ Kc7 42. Nc4 h5 43. Kd3 Kc6 44. Kc2 a4 45. b4 1-0

[Event "COL-ch U2000"]
[Site "Pereira"]
[Date "2022.02.19"]
[Round "7"]
[White "Bolanos Lopez, Juan Jacobo"]
[Black "Sanchez Bustos, Miguel Angel"]
[Result "1/2-1/2"]
[WhiteElo "1790"]
[BlackElo "1682"]
[PlyCount "111"]
[EventDate "2022.02.16"]
[EventType "swiss"]
[EventRounds "9"]
[EventCountry "COL"]
[SourceTitle "CBM 207 Extra"]
[Source "ChessBase"]
[SourceDate "2022.05.31"]
[SourceVersion "1"]
[SourceVersionDate "2022.05.31"]
[SourceQuality "1"]

1. e4 e5 2. Nf3 Nc6 3. Bb5 a6 4. Ba4 Nf6 5. 0-0 b5 6. Bb3 Bb7 7. d3 d6 8. a4 Be7 9. Re1 0-0 10. Nc3 Nd4 11. Ba2 b4 12. Nxd4 exd4 13. Nd5 Nxd5 14. Bxd5 c6 15. Bb3 Kh8 16. Qg4 Bc8 17. Qe2 Ra7 18. Bd2 a5 19. f4 Be6 20. f5 Bxb3 21. cxb3 Bg5 22. Rac1 c5 23. Rf1 Re8 24. Bf4 Bf6 25. Rf3 Rae7 26. Rh3 g6 27. Qg4 d5 28. e5 Bxe5 29. fxg6 fxg6 30. Bg5 Qd7 31. Qxd7 Rxd7 32. Rxc5 Rf7 33. Rf3 Ref8 34. Rxd5 Bc7 35. Rxf7 Rxf7 36. Bd8 Bf4 37. g3 Be3+ 38. Kg2 Rf2+ 39. Kh3 Rxb2 40. Bf6+ Kg8 41. Bxd4 Bxd4 42. Rxd4 Rxb3 43. Rd5 Rc3 44. Rxa5 Rxd3 45. Rb5 Ra3 46. Rxb4 Ra2 47. Rb8+ Kg7 48. Ra8 h5 49. g4 hxg4+ 50. Kg3 Kf6 51. a5 Ra4 52. a6 Kf7 53. a7 Kg7 54. Kg2 Kh7 55. Kf2 Kg7 56. Kg3 1/2-1/2

[Event "COL Subzt 2.3.4"]
[Site "Risarald"]
[Date "2021.11.23"]
[Round "1"]
[White "Carrillo Parra, Miguel Alfredo"]
[Black "Sanchez Bustos, Miguel Angel"]
[Result "1-0"]
[WhiteElo "2167"]
[BlackElo "1754"]
[PlyCount "57"]
[EventDate "2021.11.23"]
[EventType "swiss"]
[EventRounds "9"]
[EventCountry "COL"]
[SourceTitle "CBM 205 Extra"]
[Source "ChessBase"]
[SourceDate "2022.01.31"]
[SourceVersion "1"]
[SourceVersionDate "2022.01.31"]
[SourceQuality "1"]

1. d4 Nf6 2. c4 e6 3. Nc3 Bb4 4. Qb3 Nc6 5. Nf3 d5 6. a3 Ba5 7. Qc2 dxc4 8. e3 b5 9. Bd2 a6 10. g3 Bb7 11. Bg2 0-0 12. 0-0 Ne7 13. a4 Bxc3 14. Bxc3 Be4 15. Qc1 Qd5 16. Ne1 Bxg2 17. Nxg2 Nc6 18. f3 Qd7 19. Rd1 Rfd8 20. Kf2 Rab8 21. axb5 axb5 22. e4 Ra8 23. Rxa8 Rxa8 24. d5 Rd8 25. Ne3 Ne7 26. Bxf6 gxf6 27. Ng4 Qd6 28. Qh6 Qc5+ 29. Kg2 1-0

[Event "Bogota El Tablazo Blitz op"]
[Site "Bogota"]
[Date "2021.11.07"]
[Round "13"]
[White "Sanchez Bustos, Miguel Angel"]
[Black "Valle, Efrain"]
[Result "1-0"]
[WhiteElo "2004"]
[BlackElo "2119"]
[PlyCount "75"]
[EventDate "2021.11.07"]
[EventType "swiss"]
[EventRounds "14"]
[EventCountry "COL"]
[SourceTitle "CBM 205 Extra"]
[Source "ChessBase"]
[SourceDate "2022.01.31"]
[SourceVersion "1"]
[SourceVersionDate "2022.01.31"]
[SourceQuality "1"]

1. d4 d6 2. e4 Nd7 3. Nf3 g6 4. Bc4 Bg7 5. 0-0 Nb6 6. Bb3 Nf6 7. Re1 0-0 8. a4 Bg4 9. a5 Nbd7 10. h3 Bxf3 11. Qxf3 e5 12. c3 exd4 13. cxd4 c5 14. e5 Re8 15. Bg5 dxe5 16. dxe5 Nxe5 17. Qc3 Qd4 18. Be3 Qxc3 19. Nxc3 c4 20. Ba4 Red8 21. Bg5 Nd3 22. Re7 Nd5 23. Rxb7 Nxc3 24. Bxd8 Nxa4 25. Rxa4 Nxb2 26. Rab4 Rxd8 27. Rb8 Rf8 28. Kf1 c3 29. Ke2 Bf6 30. f4 h5 31. g4 hxg4 32. hxg4 g5 33. fxg5 Bxg5 34. R4b5 Rxb8 35. Rxb8+ Kg7 36. Rb5 f6 37. Rc5 Bd2 38. Kf3 1-0

[Event "Soacha op-B"]
[Site "Soacha"]
[Date "2021.09.12"]
[Round "8"]
[White "Angulo Ricardo, Milton"]
[Black "Sanchez Bustos, Miguel Angel"]
[Result "1/2-1/2"]
[WhiteElo "1640"]
[BlackElo "1812"]
[PlyCount "23"]
[EventDate "2021.09.08"]
[EventType "swiss"]
[EventRounds "9"]
[EventCountry "COL"]
[SourceTitle "CBM 204 Extra"]
[Source "ChessBase"]
[SourceDate "2021.11.30"]
[SourceVersion "1"]
[SourceVersionDate "2021.11.30"]
[SourceQuality "1"]

1. d4 d5 2. c4 e6 3. Nc3 Nf6 4. Bg5 Be7 5. Nf3 a6 6. e3 dxc4 7. Bxc4 b5 8. Bd3 Bb7 9. 0-0 Nbd7 10. Rc1 Rc8 11. a3 Bxa3 12. bxa3 1/2-1/2

[Event "Soacha op-B"]
[Site "Soacha"]
[Date "2021.09.11"]
[Round "7"]
[White "Sanchez Bustos, Miguel Angel"]
[Black "Bolanos Lopez, Juan Jacobo"]
[Result "0-1"]
[WhiteElo "1812"]
[BlackElo "1603"]
[PlyCount "82"]
[EventDate "2021.09.08"]
[EventType "swiss"]
[EventRounds "9"]
[EventCountry "COL"]
[SourceTitle "CBM 204 Extra"]
[Source "ChessBase"]
[SourceDate "2021.11.30"]
[SourceVersion "1"]
[SourceVersionDate "2021.11.30"]
[SourceQuality "1"]

1. d4 Nf6 2. Bf4 g6 3. e3 Bg7 4. Nf3 0-0 5. Be2 b6 6. c4 Bb7 7. Nc3 d6 8. 0-0 Nh5 9. Bg3 Nxg3 10. hxg3 c5 11. Rc1 Nd7 12. d5 a6 13. a3 Rc8 14. g4 Qc7 15. e4 e6 16. Rc2 Rfe8 17. Nd2 exd5 18. Nxd5 Bxd5 19. exd5 Re7 20. Nf3 Rce8 21. Bd3 Ne5 22. Ng5 h6 23. Nh3 Qd7 24. Be2 b5 25. b3 bxc4 26. Bxc4 a5 27. Qd2 Nxg4 28. Qxa5 Qb7 29. Qb5 Ne5 30. a4 Qc8 31. Qa6 Qf5 32. Rc3 Nxc4 33. Rxc4 Qd3 34. g3 Re1 35. Rxe1 Rxe1+ 36. Kh2 Qf3 37. Qc8+ Kh7 38. Ng1 Qxf2+ 39. Kh3 Rxg1 40. Rc3 Rh1+ 41. Kg4 f5+ 0-1